Oliba de la foscúria / (Record no. 107624)

MARC details
000 -LEADER
campo de control de longitud fija 00534nam a2200181 4500
001 - NÚMERO DE CONTROL
campo de control 107624
003 - IDENTIFICADOR DE NÚMERO DE CONTROL
campo de control ES-MaACL
005 - FECHA Y HORA DE LA ÚLTIMA TRANSACCIÓN
campo de control 20230906184446.0
007 - CAMPO FIJO DE DESCRIPCIÓN FÍSICA--INFORMACIÓN GENERAL
campo de control de longitud fija t|
008 - DATOS DE LONGITUD FIJA--INFORMACIÓN GENERAL
campo de control de longitud fija 061121s1980 sp r ||||1| cat d
100 1# - ENTRADA PRINCIPAL--NOMBRE DE PERSONA
Nombre de persona Morell, Andrés.
9 (RLIN) 83244
245 10 - MENCIÓN DEL TÍTULO
Título Oliba de la foscúria /
Mención de responsabilidad, etc. Andreu Morell; próleg d' Emili Rodríguez-Bernabeu.
250 ## - MENCION DE EDICION
Mención de edición 1.ª ed.
260 ## - PUBLICACIÓN, DISTRIBUCIÓN, ETC.
Lugar de publicación, distribución, etc. Valencia :
Nombre del editor, distribuidor, etc. Eliseu Climent,
Fecha de publicación, distribución, etc. 1980.
300 ## - DESCRIPCIÓN FÍSICA
Extensión 64 p. ;
Dimensiones 20.
700 1# - ENTRADA AGREGADA--NOMBRE PERSONAL
Nombre de persona Rodríguez-Bernabéu, Emili.
9 (RLIN) 98381
852 ## - LOCALIZACIÓN
Ubicación ES-MaACL
Número de control de estantería A-10922
Sublocalización o colección R.100309
Holdings
Estatus retirado Estado de pérdida Estado de daño No para préstamo Biblioteca de origen Biblioteca actual Ubicación en estantería Fecha de adquisición Fuente de adquisición Total de préstamos Signatura topográfica completa Código de barras Visto por última vez Precio de reemplazo Tipo de ítem Koha
        Biblioteca del Ateneo de Madrid Biblioteca del Ateneo de Madrid Depósito 1 17/01/2008     A-10922 1112319 23/02/2023 23/02/2023 Libro impreso